LEADER 02762nam 2200865z- 450 001 9910557615503321 005 20220321 035 $a(CKB)5400000000045247 035 $a(oapen)https://directory.doabooks.org/handle/20.500.12854/79585 035 $a(oapen)doab79585 035 $a(EXLCZ)995400000000045247 100 $a20202203d2022 |y 0 101 0 $aeng 135 $aurmn|---annan 181 $ctxt$2rdacontent 182 $cc$2rdamedia 183 $acr$2rdacarrier 200 00$aAdvances in the Treatment of Renal Cell Carcinoma 210 $aBasel$cMDPI - Multidisciplinary Digital Publishing Institute$d2022 215 $a1 online resource (221 p.) 311 08$a3-0365-2935-7 311 08$a3-0365-2934-9 330 $aThis Special Issue of Cancers focuses on new advances in the treatment of renal cell carcinoma, both surgical and pharmacological (and combinations of these), and novel approaches to tackle treatment resistance and improve our understanding of this phenomenon. 606 $aMedicine$2bicssc 610 $aartesunate (ART) 610 $aautophagy 610 $abiomarker 610 $abiomarkers 610 $accRCC 610 $achloroquine 610 $aclear cell renal cell carcinoma 610 $acysteine cathepsin inhibitors 610 $acysteine cathepsins 610 $aevolution 610 $aevolutionary trajectory 610 $aferroptosis 610 $agenomic signature 610 $agrowth inhibition 610 $ahydroxychloroquine 610 $aimmune checkpoint inhibitors 610 $aimmune-based combination therapies 610 $aimmunotherapy 610 $aindividualization 610 $akidney cancer 610 $alysosome 610 $ametastatic 610 $ametastatic renal cell carcinoma 610 $amRCC 610 $anetwork meta-analysis 610 $aPD-L1 610 $apredictive 610 $aRCC 610 $areactive oxygen species (ROS) 610 $arenal cancer 610 $arenal cell cancer 610 $arenal cell carcinoma 610 $arenal cell carcinoma (RCC) 610 $aROC-325 610 $asecond line therapy 610 $asoluble factors 610 $asunitib resistance 610 $aTKIs 610 $aTraditional Chinese Medicine (TCM) 610 $atranscriptomic analysis 610 $atreatment 610 $atyrosine kinase inhibitors 615 7$aMedicine 700 $aReynolds$b Paul$4edt$0328165 702 $aStewart$b Grant D$4edt 702 $aReynolds$b Paul$4oth 702 $aStewart$b Grant D$4oth 906 $aBOOK 912 $a9910557615503321 996 $aAdvances in the Treatment of Renal Cell Carcinoma$93022244 997 $aUNINA LEADER 03595oam 2200697 c 450 001 9910563057303321 005 20260129182628.0 024 7 $a10.3726/b12701 035 $a(CKB)4340000000238938 035 $a(oapen)https://directory.doabooks.org/handle/20.500.12854/30657 035 $a(PH02)9783954790210 035 $a(MiAaPQ)EBC31203514 035 $a(oapen)doab30657 035 $a(EXLCZ)994340000000238938 100 $a20240525d2003 uy 0 101 0 $ager 135 $aurnnunnnannuu 181 $ctxt$2rdacontent 182 $cc$2rdamedia 183 $acr$2rdacarrier 200 14$aEin Meisterwerk im Zwielicht$eIvan Bunins narrative Kurzprosaverknüpfung "Temnye allei" zwischen Akzeptanz und Ablehnung - eine Genrestudie$fHella Reese 205 $a1st, New ed. 210 $aFrankfurt a.M$cPH02$d2003 215 $a1 online resource (411 p.)$c, EPDF 225 0 $aSlavistische Beitra?ge$v424 300 $aPeter Lang GmbH, Internationaler Verlag der Wissenschaften 311 08$a3-95479-021-1 327 $aZUR VERKNU?PFUNG VON NARRATIVER KURZPROSA - DIE ENTSTEHUNGS GESCHICHTE DER SPA?TEN ERZA?HLUNGEN - EXTRATEXTLICHE VERKNU?PFUNGEN: DER A?USSERE AUFBAU DER TEMNYE ALLEI - INTRATEXTLICHE VERKNU?PFUNGEN IN DEN TEMNYE ALLEI (I): STRUKTUR - INTRATEXTLICHE VERKNU?PFUNGEN IN DEN TEMNYE ALLEI (I): STIL - DIE ZENTRALEN FIGUREN DER TEMNYE ALLEI - DIE ZENTRALEN THEMENKREISE: LIEBE - TOD - ERINNERUNG - DIE REZEPTIONSGESCHICHTE: DIE TEMNYE ALLEI IM KREUZFEUER DER KRITIK 330 $aIvan Bunins hohe Meinung von seinem Erza?hlband "Temnye allei" (Paris, 1946) wurde nur selten geteilt. Im Blickfeld der Leser stand allzu ha?ufig die erotische Thematik - die diesbezu?gliche Kritik beeintra?chtigte eine unvoreingenommene Rezeption des Buches, dessen Koha?renz nur vereinzelt wahrgenommen wurde. Geku?rzte Editionen versta?rkten in der Folge diesen Effekt. Die Studie betrachtet die "Temnye allei" erstmals im Wirkungsgeflecht a?ußerer Bedingungen und ku?nstlerischer Intention, unter Beru?cksichtigung aller zeitgleich entstandenen, teilweise bis heute unvero?ffentlichten Erza?hlungen. Im Mittelpunkt steht die Bestimmung der Genrezugeho?rigkeit des Buches auf Basis der extra- und intratextlichen Verknu?pfungen wie Struktur, Stil und der zentralen Themenkreise Liebe, Tod und Erinnerung. Wa?hrend ein Blick auf die bewegte Entstehungsgeschichte Ru?ckschlu?sse auf die geplante Anlage des Buches erlaubt, erhellt die kritische Auseinandersetzung mit der Editions- und Rezeptionsgeschichte die unterschiedlichsten Akzeptanzprobleme bei der Wahrnehmung des Buches als Kurzprosaverknu?pfung - und als Meisterwerk Bunins. 517 $aMeisterwerk im Zwielicht 606 $aProse: non-fiction$2bicssc 610 $aLove 610 $adeath 610 $amemory 610 $aAblehnung 610 $aAkzeptanz 610 $aallei 610 $aBunins 610 $adie Funktion der Schauplätze 610 $aeine 610 $aExilliteratur 610 $aGenrestudie 610 $aIvan 610 $aKurzprosaverknüpfung 610 $aLiebe und Erotik 610 $aMeisterwerk 610 $anarrative 610 $aRealismus 610 $aReese 610 $aRezeptionsgeschichte 610 $aTemnye 610 $aZwielicht 610 $azwischen 615 7$aProse: non-fiction 700 $aReese$b Hella$4aut$01292569 801 0$bPH02 801 1$bPH02 906 $aBOOK 912 $a9910563057303321 996 $aEin Meisterwerk im Zwielicht$93022407 997 $aUNINA